Skyline en Europe - Trouver la ville - Statistiques

Statistiques générales
  • Ce quiz a été pris 26 fois
    10 depuis la dernière actualisation
  • Le résultat moyen est 3 sur 10
Statistiques - réponses
Par images Réponse % Correct
Paris
100%
Londres
67%
Madrid
44%
Moscou
44%
Varsovie
44%
Milan
33%
Rotterdam
11%
Frankfort sur le maine
0%
Gothenburg
0%
Istanbul
0%
Aucun quiz correspondant
Distribution des résultats
% des personnes avec chaque résultat
Percentile par nombre de réponses
Votre historique - résultats
Vous n’avez pas pris ce quiz depuis la dernière actualisation